Quiz Doctor Who (Difficile) - Statistiques

Statistiques générales
  • Ce quiz a été pris 165 fois
  • Le résultat moyen est 3 sur 10
Statistiques - réponses
Questions Réponses % Correct
Sous quel site historique trouve-t-on la boîte de Pandore? Stonehenge
67%
Quelle chanson est considérée par Lady Cassandra comme étant de la "musique classique"? Tainted love ou Toxic de Britney Spears
44%
Qui fait un "dab" dans l'épisode "L'Eternité devant soi" ? Missy
40%
Quel est le modèle/type du TARDIS ? Type 40
38%
Dans quel épisode qui est aussi une pièce théatrale le docteur rencontre-t-il Shakespeare ? Peines d'amour gagnées
36%
Comment s'appelle la femme de Harold Saxon alias Le Maître ? Lucy
31%
Durant quelle bataille Rose se retrouve-t-elle coincée dans un monde parallèle ? Canary Wharf
29%
Au milieu de quel évènement historique se déroulant au Penjab le 13ème docteur et ses compagnons se retrouvent-ils ? La partition des Indes
19%
A quelle sation de métro les fans de Doctor Who peuvent-ils descendre pour voir le TARDIS ? Earl's court station
11%
Quels sont les prénoms des parents d'Amélia Pond ? Augustus et Tabetha
3%
Aucun quiz correspondant
Distribution des résultats
% des personnes avec chaque résultat
Percentile par nombre de réponses
Votre historique - résultats
Vous n’avez pas pris ce quiz